[Event "BAN-chT Walton (Women)"]
[Site "Dhaka"]
[Date "2023.03.25"]
[Round "4"]
[White "Mahjabeen, Islam"]
[Black "Warisa, Haider"]
[Result "1-0"]
[WhiteElo "1180"]
[BlackElo "1302"]
[PlyCount "87"]
[EventDate "2023.03.22"]
[EventType "team-tourn"]
[EventRounds "7"]
[EventCountry "BAN"]
[SourceTitle "CBM 213 Extra"]
[Source "ChessBase"]
[SourceDate "2023.05.31"]
[SourceVersion "1"]
[SourceVersionDate "2023.05.31"]
[SourceQuality "1"]
[WhiteTeam "Basir Memorial CC (W)"]
[BlackTeam "Uttara Cenrtal CC (W)"]
[WhiteTeamCountry "BAN"]
[BlackTeamCountry "BAN"]

1. e4 e5 2. Nf3 Nc6 3. Bc4 Bc5 4. Nc3 Nf6 5. d3 d6 6. Be3 Bb6 7. Qe2 Be6 8. h3 Bxc4 9. dxc4 Bxe3 10. Qxe3 Qd7 11. b3 Nb4 12. Qe2 0-0 13. a3 Nc6 14. Nd5 Nxd5 15. cxd5 Ne7 16. c4 c6 17. 0-0 cxd5 18. cxd5 f5 19. Ng5 Ng6 20. Qh5 h6 21. Ne6 Rf6 22. exf5 Nf8 23. g4 Rc8 24. f4 Qb5 25. fxe5 dxe5 26. g5 hxg5 27. Qxg5 Nxe6 28. dxe6 Qb6+ 29. Kh1 Qc6+ 30. Qg2 Qxg2+ 31. Kxg2 Rcf8 32. Kg3 Rxf5 33. Rxf5 Rxf5 34. Rd1 Rf6 35. Rd8+ Rf8 36. e7 Rxd8 37. exd8Q+ Kh7 38. Qg5 e4 39. Kg4 Kh8 40. Kf5 Kg8 41. Qe7 Kh7 42. Kg5 Kh8 43. Kg6 Kg8 44. Qxg7# 1-0

[Event "BAN-chT Walton (Women)"]
[Site "Dhaka"]
[Date "2023.03.24"]
[Round "3"]
[White "Sayeda Nusaibah, Mahmud"]
[Black "Mahjabeen, Islam"]
[Result "0-1"]
[WhiteElo "1191"]
[BlackElo "1180"]
[PlyCount "106"]
[EventDate "2023.03.22"]
[EventType "team-tourn"]
[EventRounds "7"]
[EventCountry "BAN"]
[SourceTitle "CBM 213 Extra"]
[Source "ChessBase"]
[SourceDate "2023.05.31"]
[SourceVersion "1"]
[SourceVersionDate "2023.05.31"]
[SourceQuality "1"]
[WhiteTeam "Basir Memorial Ch Academy (W)"]
[BlackTeam "Basir Memorial CC (W)"]
[WhiteTeamCountry "BAN"]
[BlackTeamCountry "BAN"]

1. e4 e5 2. Nf3 Nc6 3. Nc3 a6 4. Bc4 Bc5 5. d3 Nf6 6. Bg5 h6 7. Bh4 d6 8. h3 Be6 9. Bxe6 fxe6 10. 0-0 g5 11. Bg3 Qe7 12. Ne2 Rg8 13. Re1 Nh5 14. Bh2 Nf4 15. d4 Nxe2+ 16. Rxe2 Nxd4 17. Rd2 Nxf3+ 18. Qxf3 Qf7 19. Qxf7+ Kxf7 20. Rd3 Ke7 21. Kf1 Raf8 22. f3 c6 23. Bg1 Bxg1 24. Kxg1 d5 25. exd5 exd5 26. Re3 Kd6 27. Rd1 d4 28. c3 c5 29. cxd4 exd4 30. Re4 Rf4 31. Kf2 Rxe4 32. fxe4 Rf8+ 33. Ke2 Ke5 34. Kd3 b5 35. b3 h5 36. Rc1 Rc8 37. g3 g4 38. hxg4 hxg4 39. a3 c4+ 40. bxc4 bxc4+ 41. Rxc4 Rxc4 42. Kxc4 Kxe4 43. Kb3 d3 44. Kb2 Ke3 45. Kc1 Ke2 46. Kb2 d2 47. Kc3 d1Q 48. a4 Qd3+ 49. Kb4 Qc2 50. a5 Kd3 51. Ka3 Qb1 52. Ka4 Kc3 53. Ka3 Qb3# 0-1